000 00770nam a2200229 a 4500
001 BRCA_3945
005 20190320204503.0
008 120110s1862----uk-a######---#000-0#eng-#
041 _aeng
044 _aUk
050 4 _aE468
_b.T66 1862
100 1 _aTomes, Robert.
_910265
245 1 0 _aThe War with the south
_ba history of the great American rebellion with biographical sketches of leading statesmen and distinguished navl and military commanders
_cby Robert Tomes.
300 _a3 v.
_bil.
_c29 cm.
500 _aLa biblioteca solo cuenta con el v.1 y v.2
500 _aEdición con cantos dorados
500 _aC98
651 4 _aEstados Unidos
_xHistoria
_yGuerra civil
_910266
700 1 _aSmith, Benjamín George
_910267
902 _aGFM
942 _2lcc
_cB
999 _c3672
_d3672